000 00407nam a2200145Ia 4500
008 230917s9999||||xx |||||||||||||| ||und||
040 _e118872
_aMAIN
041 _aEnglish
082 _a338.4791 M697E
100 _aMitra, Amitava
245 0 _aEnvironmental and nature-based tourism: An erdeavour at sustainability
260 _aNew Delhi
_bKanishka Publishers
_c2003
300 _a102 p.
942 _cBK
999 _c129442
_d129442